<?xml version="1.0" encoding="UTF-8"?>
<collection xmlns="http://www.loc.gov/MARC21/slim">
 <record>
  <leader>01092cam a2200265 7i4500</leader>
  <controlfield tag="001">0000124139</controlfield>
  <controlfield tag="005">20160331090000.0</controlfield>
  <controlfield tag="008">150906s        -uk                 eng   </controlfield>
  <datafield tag="020" ind1="#" ind2="0">
   <subfield code="a">9781784414542 (hbk.) vol.9 </subfield>
  </datafield>
  <datafield tag="020" ind1="#" ind2="0">
   <subfield code="a">1784414549 (hbk.) </subfield>
  </datafield>
  <datafield tag="090" ind1="0" ind2="0">
   <subfield code="a">HM 851 </subfield>
   <subfield code="b">.C66 2015</subfield>
  </datafield>
  <datafield tag="245" ind1="0" ind2="0">
   <subfield code="a">Communication and information technologies annual : </subfield>
   <subfield code="b">politics, participation, and production  </subfield>
   <subfield code="c">edited by Laura Robinson, Shelia R. Cotten, Jeremy Schulz.</subfield>
  </datafield>
  <datafield tag="260" ind1="#" ind2="#">
   <subfield code="a">United Kingdom: </subfield>
   <subfield code="b">Emerald, </subfield>
   <subfield code="c">2015.</subfield>
  </datafield>
  <datafield tag="300" ind1="#" ind2="#">
   <subfield code="a">xix, 249 p.: </subfield>
   <subfield code="b">ill.; </subfield>
   <subfield code="c">24 cm..</subfield>
  </datafield>
  <datafield tag="490" ind1="0" ind2="0">
   <subfield code="a">Studies in media and communications; </subfield>
   <subfield code="v">vol.9</subfield>
  </datafield>
  <datafield tag="504" ind1="0" ind2="0">
   <subfield code="a">Includes bibliography reference and  indexes</subfield>
  </datafield>
  <datafield tag="590" ind1="#" ind2="#">
   <subfield code="a">Pusat Pengajian Pembangunan Sosial Dan Ekonomi</subfield>
  </datafield>
  <datafield tag="650" ind1="0" ind2="0">
   <subfield code="a">Information technology -- </subfield>
   <subfield code="x">Political aspects </subfield>
  </datafield>
  <datafield tag="650" ind1="0" ind2="0">
   <subfield code="a">Information technology -- </subfield>
   <subfield code="x">Social aspects </subfield>
  </datafield>
  <datafield tag="650" ind1="0" ind2="0">
   <subfield code="a">Digital media -- </subfield>
   <subfield code="x">Political aspects </subfield>
  </datafield>
  <datafield tag="650" ind1="0" ind2="0">
   <subfield code="a">Digital media -- </subfield>
   <subfield code="x">Social aspects </subfield>
  </datafield>
  <datafield tag="700" ind1="1" ind2="1">
   <subfield code="a">Cotten, Shelia, R. </subfield>
  </datafield>
  <datafield tag="700" ind1="1" ind2="1">
   <subfield code="a">Schulz, Jeremy </subfield>
  </datafield>
  <datafield tag="700" ind1="1" ind2="1">
   <subfield code="a">Robinson, Laura </subfield>
  </datafield>
  <datafield tag="999" ind1=" " ind2=" ">
   <subfield code="a">1100095767</subfield>
   <subfield code="b">Book</subfield>
   <subfield code="c">Open Shelf</subfield>
   <subfield code="e">KOLEKSI TERBUKA</subfield>
  </datafield>
 </record>
</collection>
